Corpus iuris civilis.
محفوظ في:
مؤلفون آخرون: , ,
التنسيق: كتاب
اللغة: Latin
منشور في:
Berolini :
apud Weidmannos,
1954.
الطبعة: Editio sexta decima lucis ope expressa.
الموضوعات:
الوسوم: إضافة وسم
لا توجد وسوم, كن أول من يضع وسما على هذه التسجيلة!
رقم الطلب: PA6652 .R42 J8 K7 1954 v.1-3
| LEADER | 01185nam a22003257a 4500 | ||
|---|---|---|---|
| 003 | OSt | ||
| 005 | 20251006121626.0 | ||
| 008 | 251006m1954 gw g 001 0 lat d | ||
| 040 | |c ARCE Library | ||
| 043 | |a e-it--- | ||
| 050 | 1 | 4 | |a PA6652 .R42 J8 |b K7 1954 v.1-3 |
| 130 | 0 | |a Corpus juris civilis. | |
| 245 | 1 | 0 | |a Corpus iuris civilis. |
| 250 | |a Editio sexta decima lucis ope expressa. | ||
| 264 | 1 | |a Berolini : |b apud Weidmannos, |c 1954. | |
| 300 | |a volumes ; |c 24 cm | ||
| 336 | |a text |b txt |2 rdacontent | ||
| 337 | |a unmediated |b n |2 rdamedia | ||
| 338 | |a volume |b nc |2 rdacarrier | ||
| 505 | 0 | |a V. 1. Institutiones, recognovit P. Krueger. Digesta, recognovit T. Mommsen, retractavit P. Krueger. Ed. 16 v. 2. Codex Iustinianus, recognovit et retractavit P. Krueger. Ed. 11 v. 3. Novellae, recognovit R. Schoell, opus Schoellii morte interceptum absolvit G. Kroll. Ed. 6. | |
| 555 | |a Hadeer | ||
| 650 | 0 | |a Roman Law. | |
| 650 | 0 | |a Law, Ancient. | |
| 700 | 1 | |a Krueger, Paul, |d 1840-1926. | |
| 700 | 1 | |a Mommsen, Theodor, |d 1817-1903. |9 36126 | |
| 700 | 1 | |a Schöll, Rudolf, |d 1844-1893. | |
| 740 | 0 | |a Institutiones. | |
| 901 | |a reviewed | ||
| 942 | |c BK |2 lcc | ||
| 999 | |c 24402 |d 24402 | ||
